| 000 | 01516nam0a2200361 4500 | ||
|---|---|---|---|
| 001 | RU\NLR\BIBL_A\022689841 | ||
| 005 | 20260420061634.0 | ||
| 010 |
_a978-5-907810-60-0 _9500 |
||
| 021 |
_aRU _bКН-П-25-067609 _9КН-П-25-6543 |
||
| 035 | _a(NLR Aleph) 022689841 | ||
| 090 |
_a13687135 _c13687135 |
||
| 100 | _a20251217d2025 u y0rusy50 ca | ||
| 101 | 0 | _arus | |
| 102 | _aRU | ||
| 105 | _aa z 000yy | ||
| 181 | 0 |
_ai _baxxe |
|
| 182 | 0 | _an | |
| 200 | 1 |
_aАктивная защита мобильных объектов _fМ. В. Сильников, В. И. Лазоркин |
|
| 203 |
_aТекст _bвизуальный _cнепосредственный |
||
| 205 | _a2-е изд., стер. | ||
| 210 |
_aСанкт-Петербург _cПервый ИПХ _d2025 |
||
| 215 |
_a486, [1] с. _cил., табл. _d22 |
||
| 313 | _a1-го изд. нет. | ||
| 320 | _aБиблиогр.: с. 477–487 (112 назв.) | ||
| 606 | 1 |
_aВысокоточное оружие _xПоражающее действие _92119322 _3RU\NLR\AUTH\661583553 |
|
| 606 | 1 |
_aВоенная техника _xЗащита от оружия массового поражения _92679073 _3RU\NLR\AUTH\6601760502 |
|
| 686 | _aЦ9 | ||
| 700 | 1 |
_aСильников _bМ. В. _f1961- _gМихаил Владимирович |
|
| 701 | 1 |
_aЛазоркин _bВ. И. _gВалерий Иванович |
|
| 942 | _cBOOK | ||
| 980 | _aNB | ||